00449pab a2200145 454500008004000000100002500040245011900065260000900184300001400193362000800207650002100215650003100236650001800267773001800285180718b2004 xxu||||| |||| 00| 0 eng d aPanday, Pranab Kumar aIssues in implementation of public policies: the involvement of the army in the law and order sector in Bangladesh c2004 ap.87-100. aJun aBangladesh. Army aPublic policy - Bangladesh aPublic policy aSocial Change